| 000 | 01257 a2200241 4500 | ||
|---|---|---|---|
| 001 | 121296 | ||
| 020 | _a9788570564436 | ||
| 040 | _cEscola Canadense de Niteroi | ||
| 090 | _aBAR | ||
| 100 | _aBarreto, Lima | ||
| 245 | 1 | 0 | _aO Homem que Sabia Javanês |
| 250 | _a17.ed. | ||
| 260 | _aSão Paulo | ||
| 300 |
_bil. _c1 x 15 x 0.5 cm |
||
| 362 | 0 | _a1992 | |
| 490 | 0 | _aOutras Palavras | |
| 520 | _aToda paródia é uma forma de homenagem. Ao se basear em uma obra para escrever outra, o escritor está prestigiando o texto original. A série Outras Palavras está centrada nessa idéia de valorização do texto primitivo, do texto gerador das outras palavras. Um conto clássico é sempre a base para reescritura - confiada a autores prestigiosos e maduros, que não só realçam o relato inicial, com também brindam o leitor com uma nova história, a partir do ponto que mais os motivou na primeira. São contos de qualidade inequívoca, que colocam o leitor em contato com grandes escritores - sejam eles autores do texto inicial, sejam eles os que escreveram a paródia. | ||
| 650 | 4 | _aMistério, Suspense ou Terror | |
| 650 | 4 | _aContos Brasileiros | |
| 650 | 4 | _aMitos, Fábulas ou Contos | |
| 650 | 4 | _aLiteratura Brasileira | |
| 942 | _cBK | ||
| 999 |
_c121296 _d121296 |
||